000 00595nam a2200181Ia 4500
008 100920s9999 xx 000 0 und d
082 _b88
_a491.462 थ 70
100 _aअनु. देशपांडे पु. ल./ गोगोल निकोलाय व्ही
245 _aअंमलदार.
260 _bदेशमुख आणि कंपनी, पुणे.
_c1970
300 _a93
_bसाधी
365 _b2.5
520 _aनाटक.
630 _aअंमलदार.
650 _aनाटक.
730 _aअंमलदार.
942 _cBOOK
999 _c671128
_d671125